Transformaciones y globalización en la económica internacional

Gespeichert in:
Bibliographische Detailangaben
1. Verfasser: Cuenca Garcia, Eduardo
Körperschaft: Ekonomická univerzita v Bratislave. Ústav jazykov
Format: Buch
Sprache:Spanisch
Slowakisch
Veröffentlicht: Bratislava Vydavateľstvo Ekonóm 1998
Schriftenreihe:Conferencias bilingües en económicas y empresariales
Schlagworte:
Tags: Tag hinzufügen
Keine Tags, Fügen Sie das erste Tag hinzu!

MARC

LEADER 00000nam a2200000 4500
001 c102552
005 20221123133616.9
020 |a 80-225-1009-2 
041 0 |a spa 
041 0 |a slo 
044 |a SK 
245 1 0 |a Transformaciones y globalización en la económica internacional  |c Eduardo Cuenca Garcia 
264 1 |a Bratislava  |b Vydavateľstvo Ekonóm  |c 1998 
300 |a [50] s. 
490 1 |a Conferencias bilingües en económicas y empresariales 
830 0 |a Conferencias bilingües en económicas y empresariales 
610 2 0 |a ekonómia 
610 2 0 |a školy vysoké 
610 2 0 |a globalizácia hospodárstva 
610 2 0 |a politika hospodárska medzinárodná 
100 1 |a Cuenca Garcia, Eduardo 
710 2 |a Ekonomická univerzita v Bratislave. Ústav jazykov